[Event "It (open)"]
[Site "masterchessopen.com Marin (Spain)"]
[Round "5"]
[White "Bueno Abalo Manuel (ESP)"]
[Black "Guillen Lorenzana Xan (ESP)"]
[Result "1-0"]
[WhiteElo "2265"]
[BlackElo "2085"]

1.e4 c5 2.Nf3 Nc6 3.Bb5 g6 4.O-O Bg7 5.c3 Nf6 6.Qa4 O-O 7.d4 cxd4 8.cxd4 Nb8
9.Nc3 d6 10.e5 dxe5 11.dxe5 Ng4 12.Bf4 a6 13.h3 Nh6 14.Rfd1 Qb6 15.Be3 Qe6
16.Nd5 axb5 17.Qxa8 Na6 18.Rac1 Nf5 19.Nf4 {#r} 1-0

[Event "It (open)"]
[Site "masterchessopen.com Rhein an Main (Germany)"]
[Round "0"]
[White "Schirmer Hans (SUI)"]
[Black "Uwira Oliver (GER)"]
[Result "0-1"]
[WhiteElo "1680"]
[BlackElo "2163"]

1.e4 c5 2.Nf3 Nc6 3.Bb5 g6 4.O-O Bg7 5.c3 Nf6 6.Re1 O-O 7.d3 Ne8 8.Be3 d6
9.Bxc6 bxc6 10.Nbd2 Rb8 11.Qc2 f5 12.exf5 Bxf5 13.Ne4 c4 14.Ng3 Bxd3 15.Qd2
Qd7 16.Bg5 e5 17.Ne4 Rb5 18.Be3 Bxe4 {#R} 0-1

[Event "Ch Arabic Countries"]
[Site "masterchessopen.com Tunisia"]
[Round "4"]
[White "Hamdouchi Hichem (FRA)"]
[Black "Al Sayed Mohamad N (QAT)"]
[Result "1-0"]
[WhiteElo "2501"]
[BlackElo "2374"]

1.e4 c5 2.Nf3 Nc6 3.Bb5 g6 4.O-O Bg7 5.Nc3 Nd4 6.Bc4 d6 7.Nxd4 cxd4 8.Ne2 Nf6
9.d3 Qb6 10.a4 O-O 11.a5 Qc5 12.b3 d5 13.Ba3 Qc7 14.exd5 Rd8 15.Bb2 Nxd5
16.Bxd4 e5 17.Bb2 Bg4 18.Qd2 Bxe2 19.Qxe2 Nf4 20.Qe4 Kh8 21.Rfe1 f5 22.Qxe5
{#r} 1-0

[Event "Ch France (juniors) (under 14)"]
[Site "masterchessopen.com Amiens (France)"]
[Date "2001.04.14"]
[Round "8"]
[White "Bordi Kevin (MNC)"]
[Black "Maatoug Redwan (FRA)"]
[Result "0-1"]
[WhiteElo "2142"]
[BlackElo "2265"]

1.e4 c5 2.Nf3 Nc6 3.Bb5 g6 4.O-O Bg7 5.c3 Nf6 6.Re1 O-O 7.d3 Ne8 8.Be3 d6
9.Nbd2 Nc7 10.Ba4 b5 11.Bb3 e5 12.Nf1 h6 13.h3 Kh7 14.d4 Qe7 15.a4 a6 16.axb5
axb5 17.Rxa8 Nxa8 18.dxc5 dxc5 19.Qd5 Qb7 20.Qxc5 Nc7 21.Qa3 Be6 22.Bc5 Ra8
{#R} 0-1

[Event "It (open)"]
[Site "masterchessopen.com Balatonlelle (Hungary)"]
[Date "2001.09.03"]
[Round "2"]
[White "Nagy Ervin (HUN)"]
[Black "Rabovszky Gyorgy (HUN)"]
[Result "1-0"]
[WhiteElo "2322"]
[BlackElo "2070"]

1.e4 c5 2.Nf3 Nc6 3.Bb5 g6 4.O-O Bg7 5.c3 a6 6.Be2 d5 7.d3 e5 8.a4 dxe4 9.dxe4
Qxd1 10.Rxd1 Nf6 11.Nbd2 Be6 12.Ng5 Ke7 13.Nxe6 Kxe6 14.Nb3 b6 15.a5 Nxa5
16.Nxa5 bxa5 17.f3 Rhc8 18.Bc4+ Ke7 19.Be3 Rab8 20.Rxa5 Rxb2 21.Bxa6 {#r} 1-0

[Event "It (open)"]
[Site "masterchessopen.com Bad Wiessee (Germany)"]
[Date "2001.10.30"]
[Round "4"]
[White "Stoeber Michael (GER)"]
[Black "Meingast Matthias (GER)"]
[Result "1-0"]
[WhiteElo "2306"]
[BlackElo "2145"]

1.e4 c5 2.Nf3 Nc6 3.Bb5 g6 4.O-O Bg7 5.Bxc6 bxc6 6.Re1 e5 7.c3 Qb6 8.d4 cxd4
9.cxd4 exd4 10.e5 c5 11.Nbd2 Ba6 12.Ne4 Kf8 13.b3 f5 14.Nd6 Bxe5 15.Rxe5 Qxd6
16.Ba3 Rc8 17.Rc1 Qf6 18.Rcxc5 Rxc5 19.Bxc5+ {#r} 1-0

[Event "It (cat.2)"]
[Site "masterchessopen.com Budapest (Hungary)"]
[Round "10"]
[White "Brustkern Juergen (GER)"]
[Black "Nemeth Zoltan (HUN)"]
[Result "1-0"]
[WhiteElo "2331"]
[BlackElo "2341"]

1.e4 c5 2.Nf3 Nc6 3.Bb5 g6 4.O-O Bg7 5.Re1 Nd4 6.Nxd4 cxd4 7.d3 e6 8.f4 Ne7
9.Nd2 O-O 10.Nf3 d6 11.Ba4 Bd7 12.Bb3 Bb5 13.Bd2 Qb6 14.Rf1 a5 15.a3 Kh8
16.Qe1 a4 17.Ba2 Rac8 18.Rc1 Nc6 19.Kh1 Qd8 20.Qg3 Rb8 21.Rce1 {#r} 1-0

[Event "It (open)"]
[Site "masterchessopen.com Cap d'Agde (France)"]
[Round "1"]
[White "Palac Mladen (CRO)"]
[Black "Tayeb Djimid (FRA)"]
[Result "1-0"]
[WhiteElo "2591"]
[BlackElo "2173"]

1.e4 c5 2.Nf3 Nc6 3.Bb5 g6 4.c3 Bg7 5.d4 Qb6 6.Ba4 cxd4 7.cxd4 Nxd4 8.Nc3 Ne6
9.e5 f5 10.Be3 Qa5 11.Qd2 b5 12.Bxb5 a6 13.Ba4 Bxe5 14.b4 Qc7 15.Nd5 Qd6
16.Nxe5 Qxe5 17.O-O Nf6 18.Nxf6+ Qxf6 19.f4 Kf7 20.Bb3 Bb7 21.Bd4 Qh4 22.Bxh8
{#r} 1-0

[Event "It (open)"]
[Site "masterchessopen.com Essen (Germany)"]
[Round "6"]
[White "Bakhmatov Eduard (GER)"]
[Black "Schreck Roland (GER)"]
[Result "1-0"]
[WhiteElo "2321"]
[BlackElo "2118"]

1.e4 c5 2.Nf3 Nc6 3.Bb5 g6 4.c3 Bg7 5.d4 cxd4 6.cxd4 d5 7.exd5 Qxd5 8.Nc3 Qd6
9.d5 a6 10.Ba4 b5 11.dxc6 bxa4 12.Qxa4 Qd3 13.Bd2 Be6 14.O-O-O Nh6 15.Ne5 Bxe5
16.Bxh6 Qc4 17.Qxc4 Bxc4 18.Rhe1 Bxc3 19.bxc3 Rc8 20.Rd7 Be6 21.Ra7 Rxc6
22.Rxe6 {#r} 1-0

[Event "It (open) (juniors) (under 16)"]
[Site "masterchessopen.com Hengelo (Netherlands)"]
[Round "1"]
[White "Schenkeveld Dick (NED)"]
[Black "Soerdjan Kiran (NED)"]
[Result "0-1"]
[WhiteElo "2158"]
[BlackElo "1922"]

1.e4 c5 2.Nf3 Nc6 3.Bb5 g6 4.O-O Bg7 5.c3 Nf6 6.Re1 O-O 7.d4 cxd4 8.cxd4 d5
9.exd5 Nxd5 10.Bxc6 bxc6 11.Nc3 Bg4 12.Be3 Rb8 13.Na4 Rb4 14.a3 Bxf3 15.gxf3
Rb8 16.Qc2 Qd6 17.Rac1 Rbc8 18.Nc5 {#R} 0-1

[Event "Ch France (juniors) (under 18)"]
[Site "masterchessopen.com Hyeres (France)"]
[Round "5"]
[White "Bijaoui Manuel (FRA)"]
[Black "Guennoun Anthony (FRA)"]
[Result "1-0"]
[WhiteElo "2197"]
[BlackElo "2111"]

1.e4 c5 2.Nf3 Nc6 3.Bb5 g6 4.Bxc6 bxc6 5.O-O Bg7 6.Re1 e5 7.c3 Ne7 8.d4 cxd4
9.cxd4 exd4 10.Nxd4 Qc7 11.Nc3 O-O 12.Be3 f5 13.exf5 Nxf5 14.Nxf5 Rxf5 15.Bd4
Be5 16.Qb3+ Kg7 17.Rxe5 Rxe5 18.f4 {#r} 1-0

[Event "It (open)"]
[Site "masterchessopen.com Saint-Quentin (France)"]
[Round "4"]
[White "Nanu Ciprian-Costica (ROM)"]
[Black "Guerin Gilles (FRA)"]
[Result "1-0"]
[WhiteElo "2456"]
[BlackElo "2206"]

1.e4 c5 2.Nf3 Nc6 3.Bb5 g6 4.Bxc6 dxc6 5.d3 Bg7 6.O-O Qc7 7.h3 e5 8.a4 Ne7
9.a5 Rb8 10.Nc3 O-O 11.Nh2 Be6 12.f4 f6 13.fxe5 fxe5 14.Be3 Qd6 15.Rxf8+ Bxf8
16.Nf3 Kh8 17.Qe1 b5 18.axb6 axb6 19.Qh4 Nc8 20.Rf1 Rb7 21.Nxe5 {#r} 1-0

[Event "It (open)"]
[Site "masterchessopen.com Gyongyos (Hungary)"]
[Date "2002.07.24"]
[Round "2"]
[White "Toth Gyula (HUN)"]
[Black "Lazar Laszlo (HUN)"]
[Result "1-0"]
[WhiteElo "2143"]
[BlackElo "1838"]

1.e4 c5 2.Nf3 Nc6 3.Bb5 g6 4.O-O Bg7 5.c3 Nf6 6.e5 Nd5 7.Re1 O-O 8.d4 cxd4
9.cxd4 d6 10.Bg5 f6 11.exf6 Nxf6 12.Nc3 Bg4 13.Qb3+ Kh8 14.Rad1 Qc7 15.Be2 e5
16.Bxf6 Bxf6 17.Nd5 Qd7 18.Nxf6 Rxf6 19.dxe5 Re6 20.Bc4 {#r} 1-0

[Event "It (open)"]
[Site "masterchessopen.com Bad Wiessee (Germany)"]
[Round "6"]
[White "Dirr Ulrich (GER)"]
[Black "Stull Norbert (LUX)"]
[Result "1-0"]
[WhiteElo "2314"]
[BlackElo "2133"]

1.e4 c5 2.Nf3 Nc6 3.Bb5 g6 4.Bxc6 bxc6 5.O-O Bg7 6.Re1 Nf6 7.e5 Nd5 8.d3 O-O
9.Nbd2 d6 10.h3 Rb8 11.Ne4 f5 12.Ned2 h6 13.Nc4 Ba6 14.Bd2 Bxc4 15.dxc4 Nb6
16.Qe2 dxe5 17.Rad1 Nd7 18.Bxh6 e4 19.Bxg7 exf3 20.Qe6+ Kxg7 21.Rxd7 Qa5
22.Qxe7+ {#r} 1-0

[Event "Ch Slovenia (team)"]
[Site "masterchessopen.com Slovenia"]
[Date "2002.11.18"]
[Round "1"]
[White "Mohr Georg (SLO)"]
[Black "Jelen Igor (SLO)"]
[Result "1-0"]
[WhiteElo "2480"]
[BlackElo "2372"]

1.e4 c5 2.Nf3 Nc6 3.Bb5 g6 4.Bxc6 dxc6 5.d3 Bg7 6.h3 Nf6 7.Nc3 e5 8.Nxe5 Nxe4
9.Nxe4 Bxe5 10.O-O Qe7 11.Re1 Be6 12.Ng5 Bf6 13.Nxe6 fxe6 14.Qg4 Kf7 15.Bh6
Bxb2 16.Rab1 Bf6 17.Rxb7 {#r} 1-0

[Event "It (open)"]
[Site "masterchessopen.com Guben (Germany)"]
[Round "2"]
[White "Schurade Matthias (GER)"]
[Black "Werk Wolfgang (GER)"]
[Result "1-0"]
[WhiteElo "2365"]
[BlackElo "1993"]

1.e4 c5 2.Nf3 Nc6 3.Bb5 g6 4.O-O Nf6 5.Nc3 Bg7 6.e5 Ng4 7.Bxc6 dxc6 8.Re1 Qc7
9.Qe2 Bd7 10.h3 Nh6 11.Ne4 b6 12.Nf6+ Kd8 13.Nxd7 Qxd7 14.d4 Qd5 15.c4 Qd7
16.dxc5 Kc7 17.e6 Qxe6 18.Bf4+ Kc8 19.Qd2 {#r} 1-0

[Event "Ch Izmir"]
[Site "masterchessopen.com Izmir (Turkey)"]
[Round "6"]
[White "Akcan Umit (TUR)"]
[Black "Secer Ata (TUR)"]
[Result "1-0"]
[WhiteElo "2158"]
[BlackElo "2152"]

1.e4 c5 2.Nf3 Nc6 3.Bb5 g6 4.O-O Bg7 5.Re1 Nf6 6.e5 Nd5 7.Nc3 Nc7 8.Bxc6 dxc6
9.Ne4 Ne6 10.d3 O-O 11.Be3 b6 12.Qd2 Nd4 13.Nxd4 cxd4 14.Bh6 c5 15.Qf4 Qd7
16.Nf6+ exf6 17.Bxg7 Kxg7 18.exf6+ Kh8 19.Qh6 Rg8 20.Re7 Qxe7 21.fxe7 Re8
22.Qf8+ {#r} 1-0

[Event "It (open)"]
[Site "masterchessopen.com Leutersdorf (Germany)"]
[Round "8"]
[White "Vogt Lothar (GER)"]
[Black "Ranft Steffen (GER)"]
[Result "1-0"]
[WhiteElo "2481"]
[BlackElo "2128"]

1.e4 c5 2.Nf3 Nc6 3.Bb5 g6 4.Bxc6 dxc6 5.Nc3 Nf6 6.h3 Bg7 7.d3 O-O 8.O-O b6
9.Be3 Qc7 10.Qd2 Re8 11.Nh2 e5 12.f4 Nh5 13.f5 gxf5 14.exf5 Ng3 15.f6 Nxf1
16.Rxf1 Bf8 17.Ne4 Kh8 18.Qe2 Be6 19.Qh5 Bd5 20.Ng5 {#r} 1-0

[Event "It (open)"]
[Site "masterchessopen.com Mondariz (Spain)"]
[Round "1"]
[White "Oratovsky Michael (ISR)"]
[Black "Draghici Gavril (ESP)"]
[Result "1-0"]
[WhiteElo "2536"]
[BlackElo "2038"]

1.e4 c5 2.Nf3 Nc6 3.Bb5 g6 4.Bxc6 bxc6 5.O-O Bg7 6.Re1 e5 7.c3 Ne7 8.d4 cxd4
9.cxd4 exd4 10.Nxd4 O-O 11.Nc3 d5 12.exd5 cxd5 13.Bg5 Qb6 14.Nb3 d4 15.Na4 Qb5
16.Bxe7 Qxa4 17.Bxf8 Kxf8 18.Nxd4 Qxd4 19.Qf3 Rb8 20.Rad1 Rxb2 21.Qa3+ {#r}
1-0

[Event "Ch Germany (team) (w)"]
[Site "masterchessopen.com Naumburg (Germany)"]
[Round "1"]
[White "Koglin Anke (GER)"]
[Black "Chin Karin (GER)"]
[Result "1-0"]
[WhiteElo "2192"]
[BlackElo "1978"]

1.e4 c5 2.Nf3 Nc6 3.Bb5 g6 4.Bxc6 bxc6 5.O-O Bg7 6.d3 Nf6 7.e5 Nd5 8.c4 Nb6
9.Nc3 Qc7 10.Re1 O-O 11.Bf4 Rd8 12.Qd2 d6 13.exd6 exd6 14.Ne4 Bf5 15.Nxc5 Qc8
16.Nb3 d5 17.c5 Nd7 18.Bd6 Bf8 19.Bxf8 Nxf8 20.Nbd4 a5 21.Qh6 f6 22.Re7 {#r}
1-0

[Event "Ch Russia (1/2 final)"]
[Site "masterchessopen.com Tula (Russia)"]
[Round "2"]
[White "Nikolenko Oleg (RUS)"]
[Black "Gladyszev Oleg (RUS)"]
[Result "0-1"]
[WhiteElo "2523"]
[BlackElo "2451"]

1.e4 c5 2.Nf3 Nc6 3.Bb5 g6 4.O-O Bg7 5.c3 Nf6 6.d4 cxd4 7.cxd4 Nxe4 8.d5 Nd6
9.Na3 a6 10.Qa4 Ne5 11.Nxe5 Bxe5 12.Re1 Bf6 13.Bf4 O-O 14.Be5 Bxe5 15.Rxe5
Nxb5 16.Nxb5 d6 17.Re3 Bd7 18.Qh4 axb5 19.Rxe7 Ra4 20.Qf6 Re4 {#R} 0-1

[Event "Ch Poland (team) (1 liga)"]
[Site "masterchessopen.com Ustron (Poland)"]
[Round "0"]
[White "Warakomski Tomasz (POL)"]
[Black "Lagowski Patryk (POL)"]
[Result "1-0"]
[WhiteElo "2298"]
[BlackElo "2406"]

1.e4 c5 2.Nf3 Nc6 3.Bb5 g6 4.Bxc6 dxc6 5.d3 Bg7 6.h3 Nf6 7.Nc3 O-O 8.Be3 b6
9.Qd2 Re8 10.O-O Nd7 11.Nh2 e5 12.Kh1 Nf8 13.f4 exf4 14.Rxf4 Ne6 15.Rf2 Nd4
16.Raf1 Be6 17.Bg5 Qd6 18.Bf6 Bxf6 19.Rxf6 Qe5 20.Qh6 Qh5 21.Qf4 {#r} 1-0

[Event "Landesliga North 2002/03"]
[Site "masterchessopen.com Germany"]
[Date "2003.01.26"]
[Round "5"]
[White "Steibl Hans Dieter"]
[Black "Flaisigova Petra (CZE)"]
[Result "0-1"]
[WhiteElo "1975"]
[BlackElo "2002"]

1.e4 c5 2.Nf3 Nc6 3.Bb5 g6 4.O-O Bg7 5.c3 e5 6.Na3 Nge7 7.d3 O-O 8.Be3 d6 9.d4
cxd4 10.cxd4 Bg4 11.dxe5 Nxe5 12.Nc4 Nxf3+ 13.gxf3 Bh3 14.Re1 a6 15.Bb6 Qb8
16.Ba4 Nc8 17.Bb3 Nxb6 18.Nxb6 Qd8 {#R} 0-1

[Event "Oberliga North North 2002/03"]
[Site "masterchessopen.com Germany"]
[Date "2003.01.26"]
[Round "5"]
[White "Gerigk Wolf (GER)"]
[Black "Zierke Oliver (GER)"]
[Result "0-1"]
[WhiteElo "2061"]
[BlackElo "2288"]

1.e4 c5 2.Nf3 Nc6 3.Bb5 g6 4.Bxc6 dxc6 5.O-O Bg7 6.a4 a5 7.Na3 Nf6 8.d3 O-O
9.Bd2 Bg4 10.Nc4 Be6 11.b3 Ne8 12.Rb1 b5 13.Nce5 Qc8 14.d4 cxd4 15.axb5 cxb5
16.Bf4 f6 17.Nd3 Bg4 18.Nde1 e5 19.Bc1 Nd6 20.h3 Nxe4 21.hxg4 Nc3 22.Qd3 e4
{#R} 0-1

[Event "Dos Hermanas Qualifier (15-B)"]
[Site "masterchessopen.com Internet"]
[Date "2003.03.15"]
[Round "5"]
[White "Ricardi Pablo (ARG)"]
[Black "Vasiliev Olga (ISR)"]
[Result "1-0"]
[WhiteElo "2548"]
[BlackElo "2167"]

1.e4 c5 2.Nf3 Nc6 3.Bb5 g6 4.O-O Bg7 5.Re1 Nf6 6.e5 Nd5 7.Nc3 Nxc3 8.dxc3 O-O
9.Bg5 a6 10.Bxc6 bxc6 11.Qd2 Re8 12.Rad1 Qa5 13.a3 Rb8 14.b4 cxb4 15.axb4 Qb5
16.Qf4 a5 17.bxa5 Qxa5 18.e6 dxe6 19.Qxb8 Bxc3 20.Re3 Bb4 21.h4 {#r} 1-0

[Event "Tournament (open)"]
[Site "masterchessopen.com Neukoelln (Germany)"]
[Date "2003.05.09"]
[Round "2"]
[White "Daum Norman (GER)"]
[Black "Mueller Klaus (GER)"]
[Result "1-0"]
[WhiteElo "2105"]
[BlackElo "1976"]

1.e4 c5 2.Nf3 Nc6 3.Bb5 g6 4.O-O Bg7 5.Re1 a6 6.Bf1 d6 7.c3 Nf6 8.d4 cxd4
9.cxd4 O-O 10.Nc3 Bg4 11.Be3 Nd7 12.Be2 e6 13.Qd2 Rc8 14.Rad1 b5 15.d5 b4
16.Na4 Nce5 17.Qxb4 Nxf3+ 18.gxf3 Bh5 19.dxe6 fxe6 20.Qxd6 {#r} 1-0

[Event "Cup Glorney"]
[Site "masterchessopen.com Rosice u Brna (Czech Republic)"]
[Date "2003.07.15"]
[Round "3"]
[White "Lam Paul G M (ENG)"]
[Black "Mcphillips Karl (IRL)"]
[Result "0-1"]
[WhiteElo "2016"]
[BlackElo "2228"]

1.e4 c5 2.Nf3 Nc6 3.Bb5 g6 4.O-O Bg7 5.c3 e5 6.Re1 Nge7 7.d3 O-O 8.Nbd2 a6
9.Ba4 b5 10.Bc2 d5 11.exd5 Nxd5 12.Ne4 Qb6 13.Bb3 Nce7 14.Bg5 h6 15.c4 hxg5
16.cxd5 Bb7 17.d6 Nf5 18.Nfxg5 Nxd6 19.Nxd6 Qxd6 20.Qg4 {#R} 0-1

[Event "Ch Wuerttemberg (b)"]
[Site "masterchessopen.com Unterkochen (Germany)"]
[Date "2003.09.02"]
[Round "4"]
[White "Straub Peter (GER)"]
[Black "Haist Winfried (GER)"]
[Result "0-1"]
[WhiteElo "2093"]
[BlackElo "2159"]

1.e4 c5 2.Nf3 Nc6 3.Bb5 g6 4.O-O Bg7 5.Nc3 Nf6 6.Bxc6 bxc6 7.Re1 O-O 8.b3 d6
9.Bb2 e5 10.d3 Nh5 11.h3 h6 12.Ne2 f5 13.Ng3 fxe4 14.Nxe4 Nf4 15.c3 Qd7 16.Nh2
d5 17.Nxc5 Qe7 18.d4 Qg5 19.g4 Nxh3+ 20.Kg2 Rxf2+ 21.Kh1 Qf4 {#R} 0-1

[Event "It (open)"]
[Site "masterchessopen.com Orleans (France)"]
[Round "7"]
[White "Malkiel Daniel E (USA)"]
[Black "Cosma Ioan (ROM)"]
[Result "0-1"]
[WhiteElo "2322"]
[BlackElo "2447"]

1.e4 c5 2.Nf3 Nc6 3.Bb5 g6 4.O-O Bg7 5.c3 Nf6 6.Qa4 O-O 7.d4 cxd4 8.cxd4 Nxe4
9.d5 Nc5 10.Qc4 Qb6 11.dxc6 bxc6 12.Qh4 cxb5 13.Qxe7 Bb7 14.Be3 Rac8 15.Nbd2
Bf6 16.Bxc5 Rxc5 17.Qxd7 Rd8 18.Qg4 Bxb2 {#R} 0-1

[Event "Memorial D.Efremenkov"]
[Site "masterchessopen.com Tula (Russia)"]
[Date "2004.01.30"]
[Round "11"]
[White "Novikov Maxim (RUS)"]
[Black "Biriukov Ilja (RUS)"]
[Result "1-0"]
[WhiteElo "2498"]
[BlackElo "2256"]

1.e4 c5 2.Nf3 Nc6 3.Bb5 g6 4.O-O Bg7 5.c3 Nf6 6.Re1 e5 7.d4 cxd4 8.cxd4 exd4
9.Bf4 O-O 10.Bd6 Re8 11.e5 Ng4 12.Bxc6 dxc6 13.Qxd4 Bf8 14.h3 Nh6 15.Nc3 Qd7
16.Rad1 b6 17.Qh4 Qd8 18.g4 Be6 19.Ne4 Bxa2 20.Nf6+ {#r} 1-0

[Event "Ch France (team) (2) 2003/04"]
[Site "masterchessopen.com France"]
[Date "2004.02.01"]
[Round "7"]
[White "Lourmande Christophe (FRA)"]
[Black "Roinel Franck (FRA)"]
[Result "1-0"]
[WhiteElo "2100"]
[BlackElo "2151"]

1.e4 c5 2.Nf3 Nc6 3.Bb5 g6 4.O-O Bg7 5.c3 a6 6.Bxc6 dxc6 7.h3 e5 8.d3 Be6
9.Ng5 Qd6 10.Nxe6 fxe6 11.Qe2 O-O-O 12.Be3 Qxd3 13.Qxd3 Rxd3 14.Bxc5 Nf6
15.Re1 Bh6 16.Na3 b5 17.Be7 Nh5 18.Rad1 Nf4 19.Bf6 Ne2+ 20.Kf1 Ng3+ 21.fxg3
{#r} 1-0

[Event "Bayern Landesliga South 2003/04"]
[Site "masterchessopen.com Bayern (Germany)"]
[Date "2004.02.15"]
[Round "6"]
[White "Heiduczek Josef (GER)"]
[Black "Grimberg Mikhail"]
[Result "1-0"]
[WhiteElo "2236"]
[BlackElo "1938"]

1.e4 c5 2.Nf3 Nc6 3.Bb5 g6 4.c3 Bg7 5.d4 cxd4 6.cxd4 Nf6 7.Qe2 Qb6 8.d5 Nd4
9.Nxd4 Qxd4 10.Nc3 Nh5 11.g4 Qb4 12.O-O Bxc3 13.bxc3 Qxc3 14.Bb2 Nf4 15.Bxc3
Nxe2+ 16.Bxe2 {#r} 1-0

[Event "It (open) (c)"]
[Site "masterchessopen.com Aragon (Spain)"]
[Round "0"]
[White "Colas Longares Rafael P (ESP)"]
[Black "Martinez Asensio Juan M (ESP)"]
[Result "1-0"]
[WhiteElo "2332"]
[BlackElo "2106"]

1.e4 c5 2.Nf3 Nc6 3.Bb5 g6 4.Nc3 Bg7 5.O-O e6 6.Bxc6 dxc6 7.e5 Ne7 8.Ne4 O-O
9.d3 Qc7 10.Bg5 Nd5 11.c4 Nb6 12.Qd2 Nd7 13.Nf6+ Kh8 14.Rfe1 Rd8 15.Re4 Bxf6
16.Bxf6+ Nxf6 17.exf6 Qd6 18.Rh4 Qf8 19.Qg5 Rd4 20.Nxd4 cxd4 21.Rxd4 c5 22.Qh6
{#r} 1-0

[Event "It (open)"]
[Site "masterchessopen.com Maikop (Russia)"]
[Round "4"]
[White "Bylino Oleg (UKR)"]
[Black "Chapliev Aleksandr (RUS)"]
[Result "0-1"]
[WhiteElo "2205"]
[BlackElo "2325"]

1.e4 c5 2.Nf3 Nc6 3.Bb5 g6 4.Bxc6 dxc6 5.O-O Bg7 6.d3 h6 7.Nbd2 Qc7 8.Qe2 g5
9.Nb3 b6 10.d4 e5 11.c3 a5 12.Be3 a4 13.Nbd2 Ne7 14.b4 axb3 15.axb3 Rxa1
16.Rxa1 O-O 17.b4 cxb4 18.cxb4 f5 19.Nc4 c5 20.bxc5 b5 21.Nd6 f4 {#R} 0-1

[Event "Ch Wales"]
[Site "masterchessopen.com Cardiff (Wales)"]
[Date "2004.04.10"]
[Round "2"]
[White "Morris Gareth (WLS)"]
[Black "Stuart N"]
[Result "1-0"]
[WhiteElo "2142"]
[BlackElo "1807"]

1.e4 c5 2.Nf3 Nc6 3.Bb5 g6 4.O-O Bg7 5.c3 e5 6.Na3 Nge7 7.Re1 O-O 8.Nc2 a6
9.Bf1 d5 10.exd5 Nxd5 11.Ne3 e4 12.Nxd5 exf3 13.Ne3 fxg2 14.Bxg2 Qh4 15.d3 Be5
16.Nf1 Bd6 17.Re4 Qf6 18.Bh6 Rd8 19.Qd2 Bf5 20.Re3 Qh4 {#r} 1-0

[Event "Ch Belgium (open)"]
[Site "masterchessopen.com Westerlo (Belgium)"]
[Round "1"]
[White "Van Den Brande Werner (BEL)"]
[Black "Van Der Linden Patrick"]
[Result "1-0"]
[WhiteElo "2241"]
[BlackElo "1725"]

1.e4 c5 2.Nf3 Nc6 3.Bb5 g6 4.Bxc6 dxc6 5.d3 Bg7 6.h3 Nf6 7.Nc3 O-O 8.Be3 Qa5
9.Qd2 Rd8 10.Bh6 Bh8 11.O-O Nd7 12.Nd5 {#r} 1-0

[Event "It (open)"]
[Site "masterchessopen.com Rouse (Bulgaria)"]
[Date "2004.07.11"]
[Round "4"]
[White "Ahmedov Metin (BUL)"]
[Black "Raeva Elitsa (BUL)"]
[Result "0-1"]
[WhiteElo "2107"]
[BlackElo "2213"]

1.e4 c5 2.Nf3 Nc6 3.Bb5 g6 4.O-O Bg7 5.c3 Nf6 6.Re1 O-O 7.d4 d5 8.exd5 Qxd5
9.c4 Qh5 10.Bxc6 bxc6 11.Re5 Bf5 12.Rxc5 Rad8 13.Be3 Nd7 14.Rxc6 Ne5 15.Rc7
Nxf3+ 16.Qxf3 Bg4 17.Qb7 Be5 18.h3 Bc8 19.dxe5 Bxb7 20.Rxb7 Rd1+ {#R} 0-1

[Event "Ch Europe (juniors) (under 14) (g)"]
[Site "masterchessopen.com Urgup (Turkey)"]
[Date "2004.07.29"]
[Round "1"]
[White "Tairova Elena (RUS)"]
[Black "Ertel Tatiana (RUS)"]
[Result "1-0"]
[WhiteElo "2271"]
[BlackElo "2032"]

1.e4 c5 2.Nf3 Nc6 3.Bb5 g6 4.O-O Bg7 5.c3 e6 6.d4 cxd4 7.cxd4 Nge7 8.d5 Qb6
9.Qe2 a6 10.Ba4 Qb4 11.Bd1 Nd4 12.Nxd4 Qxd4 13.Nc3 O-O 14.Bg5 Re8 15.Bb3 b5
16.Rfd1 Qb6 17.Be3 Qd6 18.dxe6 {#r} 1-0

[Event "It (open)"]
[Site "masterchessopen.com Banyoles (Spain)"]
[Date "2004.08.18"]
[Round "3"]
[White "Westerinen Heikki M J (FIN)"]
[Black "Couche Jean-Francois (FRA)"]
[Result "1-0"]
[WhiteElo "2362"]
[BlackElo "2113"]

1.e4 c5 2.Nf3 Nc6 3.Bb5 g6 4.c3 Bg7 5.d4 cxd4 6.cxd4 Qb6 7.Nc3 Nxd4 8.Nd5
Nxf3+ 9.Qxf3 Qd8 10.Bf4 Kf8 11.Bc7 Qe8 12.Qa3 f6 13.Bg3 Qd8 14.Bc7 Qe8 15.Nb6
axb6 16.Qxa8 Nh6 17.O-O Nf7 18.Bf4 h5 19.Rac1 {#r} 1-0

[Event "Ch European Union (juniors) (under 14)"]
[Site "masterchessopen.com Mureck (Austria)"]
[Date "2004.08.23"]
[Round "1"]
[White "Baldauf Marco (GER)"]
[Black "Heinzel Lisette (AUT)"]
[Result "1-0"]
[WhiteElo "2146"]
[BlackElo "1878"]

1.e4 c5 2.Nf3 Nc6 3.Bb5 g6 4.Bxc6 bxc6 5.O-O Bg7 6.Re1 Nf6 7.e5 Nd5 8.c4 Nb6
9.d3 O-O 10.Nc3 Qc7 11.Ne4 Bxe5 12.Nxe5 Qxe5 13.Bg5 Kg7 14.Bd2 Qxb2 15.Bc3+
{#r} 1-0

[Event "Zt"]
[Site "masterchessopen.com San Jose (Costa Rica)"]
[Date "2004.09.06"]
[Round "3"]
[White "Figueroa Marco Alex"]
[Black "Sanchez Jorge (PAN)"]
[Result "1-0"]
[WhiteElo "1999"]
[BlackElo "2178"]

1.e4 c5 2.Nf3 Nc6 3.Bb5 g6 4.Bxc6 dxc6 5.h3 Bg7 6.d3 Nf6 7.Nc3 O-O 8.Be3 Nd7
9.Qd2 Qa5 10.Bh6 b5 11.Bxg7 Kxg7 12.g4 Qc7 13.Nh4 e5 14.Ne2 Qd8 15.Ng2 Kg8
16.Ng3 Nb6 17.Qh6 Qf6 18.Nh4 c4 19.Ngf5 Bxf5 20.Nxf5 cxd3 21.g5 d2+ {#r} 1-0